Empirický výskum potenciálu samonormalizačných neurónových sietí v oblasti spracovania obrazu
Enregistré dans:
| Auteur principal: | |
|---|---|
| Autres auteurs: | |
| Format: | Manuscrit Livre |
| Langue: | slovaque |
| Publié: |
2025
|
| Sujets: | |
| Accès en ligne: | http://is.stuba.sk/zp/portal_zp.pl?podrobnosti=184363 |
| Tags: |
Pas de tags, Soyez le premier à ajouter un tag!
|
MARC
| LEADER | 00000ntm a22000003a 4500 | ||
|---|---|---|---|
| 001 | stuzp105096 | ||
| 003 | SK-STU | ||
| 005 | 20250614213626.2 | ||
| 007 | ta | ||
| 008 | 150427s2015----xo-----f-mn---000-0-slo-d | ||
| 040 | |a STU |b slo | ||
| 041 | 0 | |a slo | |
| 100 | 1 | |a Barnas, Peter |u 035000 |4 aut |U FEI Fakulta elektrotechniky a informatiky |T FEI Ústav informatiky a matematiky |X 111171 |U E050 |Y 816 |7 111171 | |
| 242 | 0 | 1 | |a Empirical research on the potential of self-normalizing neural networks in image processing |y eng |
| 245 | 1 | 0 | |a Empirický výskum potenciálu samonormalizačných neurónových sietí v oblasti spracovania obrazu |
| 260 | |c 2025 | ||
| 650 | 4 | |a Self-normalizing neural networks |2 eng | |
| 650 | 4 | |a Deep neural networks |2 eng | |
| 650 | 4 | |a Image processing |2 eng | |
| 650 | 4 | |a Batch Normalization |2 eng | |
| 650 | 4 | |a Hlboké neurónové siete |2 slo | |
| 650 | 4 | |a Spracovanie obrazu |2 slo | |
| 650 | 4 | |a Normalizácia dávok |2 slo | |
| 650 | 4 | |a Samonormalizačné neurónové siete |2 slo | |
| 700 | 1 | |a Šebeňa, Marián |u 035000 |k Z3 |4 ths |U FEI Fakulta elektrotechniky a informatiky |T FEI Ústav informatiky a matematiky |X 97945 |U E050 |Y 816 |7 97945 | |
| 856 | 4 | |u http://is.stuba.sk/zp/portal_zp.pl?podrobnosti=184363 | |